00882nam a22002657a 45000010005000000030006000050050017000110080041000280200018000690400029000870500013001160820010001291000020001392450080001592500045002392600037002843000049003215050008003705200091003785210020004695210020004896500037005096500035005467000035005815187FISKH20250714102932.0241118b cb ||||| |||| 00| 0 eng d a9780439644419 aFISKHbengcFISKHdFISKH aE206.A25 a973.3 aAdler, David A. aHeroes of the Revolution /cby David A. Adler : illustrated Donald A. Smith aFirst Scholastic printing, February 2004 aNew York : bScholastic ;c2003. a32 pages : bcolor illustrations ;c29 cm .  aX  aProfiles twelve men and women who had a significant impact on the American Revolution.8 a890 bLexile 8 aX bRaz-Plus  aAmerican Revolutionvnon-fiction aRevolutionary Warvnon-fiction aSmith, Donald A.eillustrator